[Event "Mauricie U1800 op"]
[White "Girouard, Michel"]
[Black "Mercier, Andre"]
[Site "Trois Rivieres"]
[Round "5"]
[Result "0-1"]
[Date "2005.03.20"]
[WhiteElo "1765"]
[BlackElo "1777"]
[PlyCount "80"]
[EventDate "2005.03.18"]
[EventType "swiss"]
[EventRounds "5"]
[EventCountry "CAN"]
[SourceTitle "EXT 2022"]
[Source "ChessBase"]
[SourceDate "2021.10.06"]
[SourceVersion "1"]
[SourceVersionDate "2021.10.06"]
[SourceQuality "1"]

1. g3 Nf6 2. Bg2 g6 3. e4 d6 4. d3 Bg7 5. Nc3 c5 6. Nf3 Nc6 7. 0-0 e5 8. Be3 Nd4 9. h3 Bd7 10. Nh4 Rb8 11. Qd2 b5 12. f4 Nh5 13. Qf2 Bh6 14. Rae1 0-0 15. fxe5 Bxe3 16. Rxe3 dxe5 17. Nd5 Qg5 18. c3 Ne6 19. Kh2 Qd8 20. Rf3 Be8 21. Nf6+ Nxf6 22. Rxf6 Nf4 23. Ra6 Nxd3 24. Qf3 Nxb2 25. Nxg6 hxg6 26. Rxg6+ fxg6 27. Qxf8+ Kh7 28. Qxc5 Nc4 29. Rf8 Kg7 30. Rf2 Rb7 31. Bf1 Rc7 32. Qf8+ Kh7 33. Bxc4 bxc4 34. g4 Qe7 35. Qf3 Qc5 36. Qg3 Rf7 37. Rd2 Bc6 38. g5 Rf4 39. h4 Kg7 40. h5 gxh5 0-1